000 00426nam a2200181Ia 4500
005 20250425161513.0
008 250425s9999 xx 000 0 und d
041 _aeng
082 _a515
100 _aBLANK, ALBERT A.
245 0 _aPROBLEMS IN CALCULUS AND ANALYSIS
250 _aS.E.
260 _aEstados Unidos
_bJOHN WILEY & SONS
_c1966
260 _aNEW YORK
300 _a264
942 _c01
010 _a21716
999 _c210527
_d210527